000 00691nam a22002177a 4500
003 UA-OsUOA
001 96428
007 ta
008 20130319b un ||||| |||| 00| 0 ukr d
100 _aВасиленко Д.В.
090 _a330(477)
_bВ19
942 _cSA
040 _aUA-OsUOA
_bukr
_cUA-OsUOA
_dUA-OsUOA
245 _aДеякі прийоми діагностики функціонувння регіональної економічної системи
300 _aС.31-39
955 _a0
041 _aukr
080 _a330(477)
773 0 _w96413
_tРегіональна економіка
_dЛьвів
_d2012
_g4
650 7 _a330 Економіка взагалі
_2UDC
999 _c382683
_d382683